Countries with more tourists than their population - Statistics

General Stats
  • This quiz has been taken 68 times
  • The average score is 36 of 48
Answer Stats
% Tourists Population Country % Correct
1,38 89.400.000 64.692.000 France
94%
1,05 62.146.000 58.955.000 Italy
90%
1,74 82.773.000 47.541.000 Spain
90%
2,18 85.000 39.000 Liechtenstein
89%
38,50 3.042.000 79.000 Andorra
87%
4,14 16.645.000 4.019.000 Croatia
87%
1,56 1.018.000 651.000 Luxembourg
87%
2,91 30.123.000 10.360.000 Greece
86%
2,22 22.800.000 10.259.000 Portugal
86%
1,34 11.715.000 8.768.000 Switzerland
86%
3,44 30.816.000 8.949.000 Austria
84%
1,99 11.743.000 5.896.000 Denmark
84%
9,64 347.000 36.000 Monaco
84%
2,45 14.673.000 5.995.000 Singapore
84%
6,27 2.344.000 374.000 Iceland
83%
1,08 19.014.000 17.591.000 Netherlands
83%
2,06 10.388.000 5.040.000 Ireland
81%
2,84 1.484.000 522.000 Maldives
81%
4,87 2.599.000 534.000 Malta
81%
1,30 13.665.000 10.490.000 Czechia
79%
2,36 78.000 33.000 San Marino
79%
2,21 396.000 179.000 St. Lucia
79%
3,96 1.627.000 411.000 Bahamas
78%
3,14 3.939.000 1.255.000 Cyprus
78%
1,15 6.252.000 5.454.000 Norway
78%
2,09 4.425.000 2.119.000 Slovenia
78%
2,43 114.000 47.000 St. Kitts and Nevis
78%
1,10 79.000 72.000 Dominica
76%
2,86 269.000 94.000 Antigua and Barbuda
75%
3,43 367.000 107.000 Seychelles
75%
1,03 6.020.000 5.847.000 Slovakia
75%
2,36 664.000 281.000 Barbados
73%
2,44 3.234.000 1.324.000 Estonia
71%
1,29 161.000 125.000 Grenada
71%
1,68 15.920.000 9.478.000 United Arab Emirates
71%
1,67 17.152.000 10.246.000 Hungary
70%
1,06 1.946.000 1.840.000 Latvia
68%
1,03 2.825.000 2.731.000 Lithuania
68%
1,19 710.000 595.000 Cape Verde
67%
1,88 5.340.000 2.836.000 Albania
65%
1,08 1.399.000 1.299.000 Mauritius
63%
1,38 9.273.000 6.730.000 Bulgaria
62%
3,32 2.077.000 626.000 Montenegro
62%
1,20 489.000 407.000 Belize
59%
6,44 116.000 18.000 Palau
57%
2,96 4.372.000 1.478.000 Bahrain
56%
1,01 3.469.000 3.422.000 Uruguay
43%
1,27 4.757.000 3.735.000 Georgia
40%
No matching quizzes found
Score Distribution
Percent of People with Each Score
Percentile by Number Answered
Your Score History
You have not taken this quiz